| 000 | 00373nam a22001577a 4500 | ||
|---|---|---|---|
| 003 | OSt | ||
| 008 | 240203b |||||||| |||| 00| 0 eng d | ||
| 020 | _a9788171996001 | ||
| 041 | _aeng | ||
| 082 |
_a634.9 _bBRI/IN |
||
| 100 |
_aBright, P.S _95804 |
||
| 245 | _aIndian Forest Service Exam | ||
| 260 |
_aNew Delhi _bBright Publications _c2012 |
||
| 300 | _a240 | ||
| 942 | _cBK | ||
| 999 |
_c13675 _d13675 |
||